MARC details
| 000 -LEADER |
| fixed length control field |
01040nam a2200265Ia 4500 |
| 003 - CONTROL NUMBER IDENTIFIER |
| control field |
IN-BaIIA |
| 008 - FIXED-LENGTH DATA ELEMENTS--GENERAL INFORMATION |
| fixed length control field |
211028s9999 xx 000 0 eng d |
| 020 ## - INTERNATIONAL STANDARD BOOK NUMBER |
| International Standard Book Number |
90-277-1120-8 |
| 040 ## - CATALOGING SOURCE |
| Transcribing agency |
IIA Library |
| 080 ## - UNIVERSAL DECIMAL CLASSIFICATION NUMBER |
| Universal Decimal Classification number |
082.2:52 |
| Item number |
IAU-S86 |
| 111 ## - MAIN ENTRY--MEETING NAME |
| Meeting name or jurisdiction name as entry element |
International Astronomical Union Symposium |
| Number of part/section/meeting |
86th |
| Location of meeting |
USA |
| Date of meeting or treaty signing |
1979 Aug. 7 - 10 |
| 9 (RLIN) |
12949 |
| 245 #0 - TITLE STATEMENT |
| Title |
Radio physics of the sun |
| Remainder of title |
proceedings of the International Astronomical Union Symposium No. 86, held in College Park MD USA, August 7 - 10, 1979 |
| Statement of responsibility, etc. |
edited by Mukul Ranjan Kundu and Tomas E. Gergely |
| 260 ## - PUBLICATION, DISTRIBUTION, ETC. |
| Place of publication, distribution, etc. |
Dordrecht |
| Name of publisher, distributor, etc. |
D. Reidel Publishing |
| Date of publication, distribution, etc. |
1980 |
| 300 ## - PHYSICAL DESCRIPTION |
| Extent |
xx, 475p. |
| 490 ## - SERIES STATEMENT |
| Series statement |
IAU Symposium; no. 86 |
| 500 ## - GENERAL NOTE |
| General note |
Donated by Mrs. Bappu |
| 650 ## - SUBJECT ADDED ENTRY--TOPICAL TERM |
| Topical term or geographic name entry element |
Astronomy and Astrophysics Thesaurus |
| 650 ## - SUBJECT ADDED ENTRY--TOPICAL TERM |
| Topical term or geographic name entry element |
Radio Astronomy |
| 9 (RLIN) |
2849 |
| 650 ## - SUBJECT ADDED ENTRY--TOPICAL TERM |
| Topical term or geographic name entry element |
Solar Activity |
| 9 (RLIN) |
1424 |
| 650 ## - SUBJECT ADDED ENTRY--TOPICAL TERM |
| Topical term or geographic name entry element |
Sun |
| 9 (RLIN) |
1200 |
| 700 ## - ADDED ENTRY--PERSONAL NAME |
| Personal name |
Gergely, Tomas E., ed. |
| 9 (RLIN) |
12950 |
| 700 ## - ADDED ENTRY--PERSONAL NAME |
| Personal name |
Kundu, Mukul Ranjan, ed. |
| 9 (RLIN) |
12951 |
| 710 ## - ADDED ENTRY--CORPORATE NAME |
| Corporate name or jurisdiction name as entry element |
International Astronomical Union |
| 942 ## - ADDED ENTRY ELEMENTS (KOHA) |
| Koha item type |
Books |